| 000 | 00917nam a2200217 a 4500 | ||
|---|---|---|---|
| 003 | 0 | ||
| 005 | 20250424092507.0 | ||
| 008 | 970114s19uu xx 00 eng d | ||
| 050 |
_aPGS LB 2866.5 _b.K62 2003 |
||
| 100 | _aKitazawa, Hijiri M. | ||
| 245 |
_aA study on the perception of teachers and staff on the security measures implement at Southville International School and Colleges / _cHijiri M. Kitazawa. |
||
| 260 |
_aLas Piñas City, Philippines : _bSouthville International School and Colleges, _c2003. |
||
| 300 |
_a36 pages : _billustrations ; _c28 cm. |
||
| 504 | _aIncludes bibliographical references. | ||
| 650 | _aSchool security. | ||
| 650 |
_aSchool personnel _vAttitudes. |
||
| 650 |
_aSchool environment _vSafety measures. |
||
| 650 |
_aEducational institutions _vSecurity measures. |
||
| 650 | _aSouthville International School and Colleges (Las Piñas City, Philippines). | ||
| 942 |
_2lcc _cPASS |
||
| 999 |
_c96880 _d96880 |
||